Aktuálne úlohy hospodárskeho a sociálneho rozvoja

Bibliographic Details
Main Authors: Valachovič, František (Author, Compiler), Ferianc, Ján, 1927-1996 (Author), Nagy, Kazimír (Author), Netík, Rudolf (Author), Oláh, Michal, 1931- (Author), Škorica, Igor (Author), Varga, Július (Author), Věrtelář, Václav (Author)
Other Authors: Černá, Jana (Translator)
Format: Book
Language:Slovak
Czech
PhysicalDescription:79 s. tab. 21 cm
Published: Bratislava Pravda 1989
ISBN:8021801506
Edition:1. vyd.
Series:Na pomoc ekonomickej propagande a agitácii
Subjects:

MARC

LEADER 00000cam a2200000 a 4500
001 vtls001082067
003 SK-MaSNL
005 20260311122708.0
008 240509s1989 xo a 000 0 slo
015 |a SNBA1989/09 
020 |a 8021801506  |q (brož.) 
035 |a SNK000024905 
035 |a urn:nbn:sk:snk-amjb7h 
035 |a urn:nbn:sk:snk-am002nvl 
035 |a E438136F-C248-41B3-9EFB-0817F5569B90 
040 |a SNK  |b slo  |c SNK  |e AACR2 
041 1 |a slo  |h cze 
044 |a xo  |c SK 
080 |a 338+308(437)  |2 1981 
080 |a 308(437)  |2 1981 
245 0 0 |a Aktuálne úlohy hospodárskeho a sociálneho rozvoja  |c zost. František Valachovič ; aut. statí Ján Ferianc ... [et al.] ; prekl. Jana Černá 
250 |a 1. vyd. 
260 |a Bratislava  |b Pravda  |c 1989  |e Bratislava  |f Pravda 
300 |a 79 s.  |b tab.  |c 21 cm 
366 |e 4000 výt. 
490 1 |a Na pomoc ekonomickej propagande a agitácii 
500 |a Pravdepodobne prelož. z čes. 
650 0 7 |a ekonomický rozvoj  |2 SNKPH  |9 49952 
650 0 7 |a sociálny rozvoj  |2 SNKPH  |9 67413 
650 0 7 |a úlohy  |2 SNKPH  |9 3885 
651 7 |a Československo  |2 SNKPHgeo  |9 21376 
655 7 |a monografie  |2 SNKPH  |9 70139 
700 1 |a Valachovič, František  |4 com  |4 aut  |9 50337 
700 1 |a Ferianc, Ján,  |d 1927-1996  |4 aut  |9 39106 
700 1 |a Nagy, Kazimír  |4 aut  |9 356499 
700 1 |a Netík, Rudolf  |4 aut  |9 356500 
700 1 |a Oláh, Michal,  |d 1931-  |4 aut  |9 109804 
700 1 |a Škorica, Igor  |4 aut  |9 356501 
700 1 |a Varga, Július  |4 aut  |9 356502 
700 1 |a Věrtelář, Václav  |4 aut  |9 343103 
700 1 |a Černá, Jana  |4 trl  |9 287818 
830 0 |a Na pomoc ekonomickej propagande a agitácii  |9 320514 
919 |a 80-218-0150-6 
958 |a EUIPO 
958 |a OND 
958 |a CZ 
958 |a TL 
958 |a OP 
968 |a SLO  |b ČES 
999 |c 601352  |d 603282 
952 |t P60, <04>, [BOOK], {604}  |a SNK  |b SNK  |y VYP  |7 0  |p 17A0299627  |o snkSC 75118 D1  |i snkKSP 7411/89  |0 0  |1 0  |4 0  |d 2001-05-07  |f 1  |l 0  |r 2004-12-31 00:00:00  |w 2026-02-23 
952 |t P60, <04>, [BOOK], {604}  |a SNK  |b SNK  |y VYP  |7 0  |p 17A0342207  |o snkSC 75118 D2  |i snkKSP 4931/2002  |0 0  |1 0  |4 0  |d 2002-04-29  |l 0  |r 2004-12-31 00:00:00  |w 2026-02-23 
952 |a SNK  |b SNK  |y PREZ  |7 0  |p 17A0975402  |o snkSC 75118  |0 0  |1 0  |4 0  |d 2012-10-03  |l 0  |r 2025-07-31 00:00:00  |w 2026-02-23